Справочник конструктора-машиностроителя: В 3-х томах

Bibliografiset tiedot
Päätekijä: Анурьев В. И. Василий Иванович
Kieli:venäjä
Julkaistu: Москва, Машиностроение, 1978-
Painos:5-е изд., перераб. и доп.
Aineistotyyppi: MixedMaterials Kirja
KOHA link:https://koha.lib.tpu.ru/cgi-bin/koha/opac-detail.pl?biblionumber=66457

MARC

LEADER 00000nam1a2200000 4500
001 66457
005 20231031072041.0
035 |a (RuTPU)RU\TPU\book\70640 
035 |a RU\TPU\book\48935 
090 |a 66457 
100 |a 20040820d1978 km y0rusy50 ca 
101 0 |a rus 
102 |a RU 
200 1 |a Справочник конструктора-машиностроителя  |e В 3-х томах  |f В. И. Анурьев 
205 |a 5-е изд., перераб. и доп. 
210 |a Москва  |c Машиностроение  |d 1978- 
675 |a 621.001.66(03)  |v 3 
700 1 |a Анурьев  |b В. И.  |g Василий Иванович 
801 0 |a RU  |b 63413507  |c 20011210  |g PSBO 
801 2 |a RU  |b 63413507  |c 20060512  |g PSBO 
900 |a Прикладная механика 
900 |a Детали машин 
900 |a Основы конструирования 
942 |c BK